El correo del Orinoco : prensa y nación en la Venezuela independiente /
Guardado en:
| Hovedforfatter: | |
|---|---|
| Format: | Ukendt |
| Sprog: | Spanish |
| Fag: | |
| Tags: |
Tilføj Tag
Ingen Tags, Vær først til at tagge denne postø!
|
MARC
| LEADER | 000000000a22000000004500 | ||
|---|---|---|---|
| 001 | 001976 | ||
| 041 | 0 | |a spa | |
| 100 | 1 | |a Ríos, Alicia | |
| 245 | 1 | 3 | |a El correo del Orinoco : |b prensa y nación en la Venezuela independiente / |c Alicia Ríos. |
| 310 | |a semestral | ||
| 650 | 4 | |a VENEZUELA | |
| 650 | 4 | |a INDEPENDENCIA | |
| 650 | 4 | |a NACION | |
| 650 | 4 | |a PERIODISMO | |
| 650 | 4 | |a HISTORIA | |
| 650 | 4 | |a CORREO DEL ORINOCO | |
| 650 | 4 | |a NARRATIVA | |
| 650 | 4 | |a SIGLO XIX | |
| 650 | 4 | |a GUERRA | |
| 650 | 4 | |a ESTADO | |
| 650 | 4 | |a PODER | |
| 773 | 0 | |x 0798-958-X |d Venezuela : Universidad Simón Bolívar |t Estudios: Revista de Investigaciones Literarias |g volumen 5, número 9 (1997), páginas 127-138 | |
| 942 | |c ARC | ||
| 999 | |c 9765 |d 9765 | ||
